New Challenges in Accounting Practice in the Slovak Republic Related to Digitalization

Príspevok sa zameriava na otázky súvisiace s budúcim postavením účtovníckej profesie, ako aj na procesy digitalizácie v účtovnej a daňovej praxi. Akcent je na legislatívu, ktorá musí reflektovať zmeny a výzvy súvisiace s rastúcim počtom účtovníkov a elektronických účtovných záznamov.

Gespeichert in:
Bibliographische Detailangaben
1. Verfasser: Blahušiaková, Miriama, 1980-
Weitere Verfasser: Mateášová, Martina, 1979-, Meluchová, Jitka, 1965-
Format: Buchkapitel
Sprache:Englisch
Schlagworte:
Tags: Tag hinzufügen
Keine Tags, Fügen Sie das erste Tag hinzu!

MARC

LEADER 00000naa$a2200000$$$4500
001 0286277
005 20260305083612.4
041 0 |a eng 
044 |a CZ 
245 1 0 |a New Challenges in Accounting Practice in the Slovak Republic Related to Digitalization  |c Miriama Blahušiaková, Martina Mateášová, Jitka Meluchová 
520 |a Príspevok sa zameriava na otázky súvisiace s budúcim postavením účtovníckej profesie, ako aj na procesy digitalizácie v účtovnej a daňovej praxi. Akcent je na legislatívu, ktorá musí reflektovať zmeny a výzvy súvisiace s rastúcim počtom účtovníkov a elektronických účtovných záznamov. 
610 2 0 |a digitalizácia 
610 2 0 |a účtovníctvo 
610 2 0 |a priemysel 4.0 
610 2 0 |a dokumentácia účtovná 
100 1 |a Blahušiaková, Miriama, 1980- 
700 1 |a Mateášová, Martina, 1979- 
700 1 |a Meluchová, Jitka, 1965-